[Event "HUN-chT2 Erkel 1718"]
[Site "Hungary"]
[Date "2018.03.04"]
[Round "9.8"]
[White "Vass, Lajos"]
[Black "Banhazi, Istvan"]
[Result "1/2-1/2"]
[WhiteElo "2040"]
[BlackElo "2067"]
[PlyCount "98"]
[EventDate "2017.09.24"]
[EventType "team-tourn"]
[EventRounds "11"]
[EventCountry "HUN"]
[SourceTitle "EXT 2021"]
[Source "ChessBase"]
[SourceDate "2020.10.23"]
[SourceVersion "1"]
[SourceVersionDate "2020.10.23"]
[SourceQuality "1"]
[WhiteTeam "Budapest EAC"]
[BlackTeam "Budapest MAFC"]
[WhiteTeamCountry "HUN"]
[BlackTeamCountry "HUN"]

1. e4 c5 2. c3 d5 3. exd5 Qxd5 4. d4 Nc6 5. Nf3 Nf6 6. Be3 cxd4 7. cxd4 Bg4 8. Be2 e6 9. Nc3 Qa5 10. h3 Bh5 11. 0-0 Be7 12. Qb3 Qb4 13. g4 Qxb3 14. axb3 Bg6 15. Ne5 0-0 16. Nxg6 hxg6 17. Bf3 Rfc8 18. Rfd1 Rc7 19. g5 Ne8 20. d5 Nb4 21. dxe6 fxe6 22. Bb6 axb6 23. Rxa8 Kf7 24. Rd4 e5 25. Re4 Nd3 26. Rc4 Bc5 27. Bd5+ Ke7 28. Be4 Nf4 29. Bxg6 Nxg6 30. Nd5+ Kd6 31. Nxc7 Nxc7 32. b4 Kd5 33. Rxc5+ bxc5 34. Rd8+ Kc6 35. bxc5 Kxc5 36. Rd7 Ne6 37. Rxb7 Nxg5 38. Rxg7 Nxh3+ 39. Kg2 Nhf4+ 40. Kf3 Kd4 41. Rd7+ Nd5 42. Ke2 e4 43. Ra7 Ngf4+ 44. Kd2 Nd3 45. Ra4+ N5b4 46. b3 Kd5 47. Kc3 Nc6 48. f3 Nc5 49. fxe4+ Nxe4+ 1/2-1/2

[Event "HUN-chT2 Erkel 1718"]
[Site "Hungary"]
[Date "2018.02.18"]
[Round "8.9"]
[White "Vass, Lajos"]
[Black "Szabo, Ervin"]
[Result "1-0"]
[WhiteElo "2040"]
[BlackElo "1883"]
[PlyCount "41"]
[EventDate "2017.09.24"]
[EventType "team-tourn"]
[EventRounds "11"]
[EventCountry "HUN"]
[SourceTitle "EXT 2021"]
[Source "ChessBase"]
[SourceDate "2020.10.23"]
[SourceVersion "1"]
[SourceVersionDate "2020.10.23"]
[SourceQuality "1"]
[WhiteTeam "Budapest EAC"]
[BlackTeam "Salgotarjan"]
[WhiteTeamCountry "HUN"]
[BlackTeamCountry "HUN"]

1. e4 e6 2. d4 d5 3. Nd2 h6 4. Bd3 Nf6 5. Ngf3 c5 6. c3 Nc6 7. 0-0 Be7 8. a3 Qb6 9. Qe2 dxe4 10. Nxe4 cxd4 11. cxd4 Nd5 12. Be3 Bd7 13. Nc3 0-0 14. Nxd5 exd5 15. Ne5 Nxe5 16. dxe5 d4 17. Bf4 Rfe8 18. Rad1 Bf8 19. Qe4 g6 20. Bc4 Qxb2 21. Qxg6+ 1-0

[Event "Budapest-chT1 Lilienthal 1718"]
[Site "Budapest"]
[Date "2018.01.21"]
[Round "7"]
[White "Somogyi, Istvan"]
[Black "Vass, Lajos"]
[Result "1/2-1/2"]
[WhiteElo "2146"]
[BlackElo "2040"]
[PlyCount "49"]
[EventDate "2017.10.01"]
[EventType "team-tourn"]
[EventRounds "13"]
[EventCountry "HUN"]
[SourceTitle "EXT 2021"]
[Source "ChessBase"]
[SourceDate "2020.10.23"]
[SourceVersion "1"]
[SourceVersionDate "2020.10.23"]
[SourceQuality "1"]
[WhiteTeam "Siraly"]
[BlackTeam "Budapest EAC II"]
[WhiteTeamCountry "HUN"]
[BlackTeamCountry "HUN"]

1. d4 Nf6 2. c4 g6 3. Nc3 d5 4. Bf4 Bg7 5. e3 c5 6. dxc5 Qa5 7. Rc1 dxc4 8. Bxc4 0-0 9. Nf3 Qxc5 10. Bb3 Nc6 11. 0-0 Qa5 12. h3 Bf5 13. Qe2 Ne4 14. Nxe4 Bxe4 15. Rfd1 Qh5 16. Rd2 Rad8 17. Rcd1 Rxd2 18. Rxd2 Bxf3 19. Qxf3 Qxf3 20. gxf3 Rd8 21. Re2 Ne5 22. Bxe5 Bxe5 23. Kg2 Kg7 24. Rc2 Rd7 25. Ba4 1/2-1/2

[Event "HUN-chT2 Erkel 1617"]
[Site "Hungary"]
[Date "2016.10.30"]
[Round "3.11"]
[White "Vass, Lajos"]
[Black "Rinyu, Janos"]
[Result "1-0"]
[WhiteElo "2053"]
[BlackElo "1803"]
[PlyCount "57"]
[EventDate "2016.09.25"]
[EventType "team-tourn"]
[EventRounds "11"]
[EventCountry "HUN"]
[SourceTitle "EXT 2021"]
[Source "ChessBase"]
[SourceDate "2020.10.23"]
[SourceVersion "1"]
[SourceVersionDate "2020.10.23"]
[SourceQuality "1"]
[WhiteTeam "Budapest EAC"]
[BlackTeam "Fot"]
[WhiteTeamCountry "HUN"]
[BlackTeamCountry "HUN"]

1. e4 b6 2. d4 Bb7 3. Bd3 Nf6 4. Nd2 e6 5. Ngf3 c5 6. c3 Nc6 7. a3 Qc8 8. 0-0 Na5 9. b4 cxb4 10. cxb4 Qc3 11. Qe2 Qxa1 12. bxa5 Qc3 13. a6 Bc8 14. e5 Nd5 15. Ne4 Qc7 16. Bb5 Be7 17. Nfg5 Nc3 18. Qf3 Nxb5 19. Qxf7+ Kd8 20. Qxg7 Rf8 21. Nxh7 Re8 22. Nef6 d6 23. Bg5 Nxd4 24. Nxe8 Kxe8 25. Nf6+ Bxf6 26. Qg8+ Kd7 27. Qf7+ Kc6 28. Rc1+ Nc2 29. Rxc2+ 1-0

[Event "HUN-chT2 Erkel 1516"]
[Site "Hungary"]
[Date "2016.02.14"]
[Round "7.7"]
[White "Toth, Mate Jozsef"]
[Black "Vass, Lajos"]
[Result "0-1"]
[WhiteElo "1875"]
[BlackElo "2114"]
[PlyCount "166"]
[EventDate "2015.09.13"]
[EventType "team-tourn"]
[EventRounds "11"]
[EventCountry "HUN"]
[SourceTitle "EXT 2017"]
[Source "ChessBase"]
[SourceDate "2016.10.25"]
[SourceVersion "1"]
[SourceVersionDate "2016.10.25"]
[SourceQuality "1"]
[WhiteTeam "GSBE"]
[BlackTeam "Barcza BEAC"]
[WhiteTeamCountry "HUN"]
[BlackTeamCountry "HUN"]

1. c4 Nf6 2. Nc3 d5 3. cxd5 Nxd5 4. Nf3 g6 5. g3 Nxc3 6. bxc3 Bg7 7. Bg2 0-0 8. 0-0 Nc6 9. Rb1 Rb8 10. Ng5 Bf5 11. e4 Bd7 12. d4 e5 13. d5 Na5 14. Qe2 a6 15. c4 h6 16. Nf3 b6 17. Be3 Nb7 18. Nd2 f5 19. f4 Qe7 20. Nb3 Kh7 21. Rbc1 fxe4 22. Bxe4 exf4 23. Bxf4 Rbe8 24. Rce1 Bf5 25. Bf3 Qd7 26. Qd2 Nd6 27. Bxd6 Qxd6 28. Rxe8 Rxe8 29. Kg2 Qe5 30. Rf2 Rf8 31. Re2 Qf6 32. Qe3 Bg4 33. Rf2 Bd7 34. Be2 Bh3+ 35. Kg1 Qxf2+ 36. Qxf2 Rxf2 37. Kxf2 Bc8 38. Ke3 Kg8 39. Nd4 Kf7 40. Ke4 Bf8 41. g4 Bc5 42. Nf3 Kf6 43. h3 Bd7 44. Ne5 Ba4 45. Bd3 a5 46. Bb1 Bd6 47. Nd3 Bd1 48. Nf2 Ba4 49. Nd3 h5 50. gxh5 gxh5 51. Ne1 Bd7 52. Kf3 Bxh3 53. Be4 Bg4+ 54. Ke3 Bc5+ 55. Kf4 Bd6+ 56. Ke3 a4 57. Nd3 a3 58. Bf3 Kf5 59. Be4+ Kg5 60. Kd4 h4 61. c5 bxc5+ 62. Nxc5 Bxc5+ 63. Kxc5 Kf4 64. Bg2 Kg3 65. Be4 h3 66. Kc6 Bf3 67. Bxf3 Kxf3 68. Kxc7 h2 69. d6 h1Q 70. d7 Qc1+ 71. Kb7 Qb2+ 72. Kc7 Qe5+ 73. Kc8 Qc5+ 74. Kb7 Qd6 75. Kc8 Qc6+ 76. Kd8 Ke4 77. Ke7 Qc7 78. Ke8 Qe5+ 79. Kf7 Qd6 80. Ke8 Qe6+ 81. Kd8 Kd5 82. Kc7 Qc6+ 83. Kd8 Ke6 0-1

[Event "HUN-chT2 Erkel 1516"]
[Site "Hungary"]
[Date "2015.11.08"]
[Round "4.7"]
[White "Vass, Lajos"]
[Black "Szabo, Ervin"]
[Result "1-0"]
[WhiteElo "2114"]
[BlackElo "1890"]
[PlyCount "77"]
[EventDate "2015.09.13"]
[EventType "team-tourn"]
[EventRounds "11"]
[EventCountry "HUN"]
[SourceTitle "CBM 170 Extra"]
[Source "ChessBase"]
[SourceDate "2016.02.25"]
[SourceVersion "1"]
[SourceVersionDate "2016.02.25"]
[SourceQuality "1"]
[WhiteTeam "Barcza BEAC"]
[BlackTeam "Salgotarjan"]
[WhiteTeamCountry "HUN"]
[BlackTeamCountry "HUN"]

1. e4 e6 2. d4 d5 3. Nd2 a6 4. Ngf3 c5 5. c3 cxd4 6. cxd4 dxe4 7. Nxe4 Be7 8. Bd3 Nf6 9. 0-0 Nc6 10. a3 h6 11. Re1 Nd5 12. Bb1 b6 13. Ne5 Bb7 14. Qg4 Nxe5 15. dxe5 g6 16. Bd2 Qd7 17. Bb4 h5 18. Qe2 Nxb4 19. axb4 Qd5 20. Qe3 b5 21. Qb6 0-0 22. Ba2 Qc6 23. Qxc6 Bxc6 24. Nd6 Rfd8 25. Red1 Kg7 26. Rac1 Bxd6 27. exd6 Rac8 28. f4 Kf6 29. Rc5 Bb7 30. Kf2 Rxc5 31. bxc5 a5 32. Ke3 Bxg2 33. Bb1 e5 34. Be4 exf4+ 35. Kxf4 g5+ 36. Ke3 Bxe4 37. Kxe4 Ke6 38. Kd4 Kd7 39. Re1 1-0

[Event "HUN-chT2 Erkel 1415"]
[Site "Hungary"]
[Date "2014.12.14"]
[Round "6.7"]
[White "Vass, Lajos"]
[Black "Imre, Jozsef"]
[Result "1/2-1/2"]
[WhiteElo "2173"]
[BlackElo "2095"]
[PlyCount "85"]
[EventDate "2014.09.28"]
[EventType "team-tourn"]
[EventRounds "9"]
[EventCountry "HUN"]
[SourceTitle "EXT 2016"]
[Source "ChessBase"]
[SourceDate "2015.10.08"]
[SourceVersion "1"]
[SourceVersionDate "2015.10.08"]
[SourceQuality "1"]
[WhiteTeam "BEAC"]
[BlackTeam "Vizugy"]
[WhiteTeamCountry "HUN"]
[BlackTeamCountry "HUN"]

1. e4 c5 2. c3 d5 3. exd5 Qxd5 4. d4 cxd4 5. cxd4 Nf6 6. Nf3 e6 7. a3 Nc6 8. Nc3 Qd8 9. Bd3 Be7 10. 0-0 0-0 11. Be3 b6 12. Qe2 Bb7 13. Rad1 Rc8 14. Rfe1 Nd5 15. Ne4 Nxe3 16. Qxe3 Qd5 17. Nc3 Qh5 18. d5 Bc5 19. Qg5 Qxg5 20. Nxg5 exd5 21. Bxh7+ Kh8 22. Bf5 Rcd8 23. Nxd5 Nd4 24. Ne3 Be7 25. Be4 Ba6 26. Nf3 Nxf3+ 27. Bxf3 Rxd1 28. Rxd1 Rd8 29. Nd5 Bg5 30. g3 Bc4 31. h4 Bh6 32. Ne3 Rxd1+ 33. Bxd1 Be6 34. f4 g6 35. Kf2 a5 36. a4 Bg7 37. b3 Bd4 38. Kf3 f5 39. g4 fxg4+ 40. Nxg4 Bxg4+ 41. Kxg4 Kg7 42. f5 gxf5+ 43. Kxf5 1/2-1/2

[Event "HUN-chT2 Erkel 1415"]
[Site "Hungary"]
[Date "2014.11.30"]
[Round "3.9"]
[White "Horvath, Jeno Kalman"]
[Black "Vass, Lajos"]
[Result "1-0"]
[WhiteElo "1967"]
[BlackElo "2173"]
[PlyCount "79"]
[EventDate "2014.09.28"]
[EventType "team-tourn"]
[EventRounds "9"]
[EventCountry "HUN"]
[SourceTitle "EXT 2016"]
[Source "ChessBase"]
[SourceDate "2015.10.08"]
[SourceVersion "1"]
[SourceVersionDate "2015.10.08"]
[SourceQuality "1"]
[WhiteTeam "Fot"]
[BlackTeam "BEAC"]
[WhiteTeamCountry "HUN"]
[BlackTeamCountry "HUN"]

1. e4 e5 2. Nf3 Nc6 3. Be2 Nf6 4. d3 g6 5. 0-0 Bg7 6. Nc3 h6 7. d4 d6 8. dxe5 dxe5 9. Qxd8+ Nxd8 10. Nxe5 Nxe4 11. Nxe4 Bxe5 12. c3 Bg7 13. Bf3 Ne6 14. Be3 0-0 15. h4 f5 16. Nc5 c6 17. Nxe6 Bxe6 18. Rfe1 Kf7 19. Bf4 Rfd8 20. Re3 Rd7 21. a3 Bb3 22. Rae1 Bf8 23. Rc1 Bc4 24. Ree1 a5 25. Red1 Rad8 26. Rxd7+ Rxd7 27. Rd1 Rxd1+ 28. Bxd1 Bc5 29. Bxh6 Ke6 30. Bf4 b5 31. h5 gxh5 32. Bxh5 Bd3 33. Bd2 Kd5 34. Bf7+ Ke5 35. Be8 Be4 36. Kf1 f4 37. f3 Bd5 38. Bg6 Be7 39. Bd3 a4 40. Ke2 1-0

[Event "HUN-chT2 Erkel 1314"]
[Site "Hungary"]
[Date "2014.04.27"]
[Round "11.8"]
[White "Vass, Lajos"]
[Black "Pallagi, Janos"]
[Result "1-0"]
[WhiteElo "2138"]
[BlackElo "2008"]
[PlyCount "65"]
[EventDate "2013.09.08"]
[EventType "team-tourn"]
[EventRounds "11"]
[EventCountry "HUN"]
[SourceTitle "EXT 2016"]
[Source "ChessBase"]
[SourceDate "2015.10.08"]
[SourceVersion "1"]
[SourceVersionDate "2015.10.08"]
[SourceQuality "1"]
[WhiteTeam "Budapest EAC II"]
[BlackTeam "Fot"]
[WhiteTeamCountry "HUN"]
[BlackTeamCountry "HUN"]

1. e4 c5 2. c3 e6 3. d4 d5 4. Bd3 Nc6 5. Nf3 dxe4 6. Bxe4 Nf6 7. Bd3 cxd4 8. cxd4 Be7 9. 0-0 0-0 10. Nc3 b6 11. Bg5 Bb7 12. a3 Nd5 13. Qd2 Bxg5 14. Nxg5 h6 15. Nf3 Na5 16. Rad1 Nxc3 17. bxc3 Bxf3 18. gxf3 Rc8 19. Kh1 Nc4 20. Qe2 Nd6 21. Qe5 Qd7 22. Rg1 f6 23. Qh5 Nf5 24. Be4 Nd6 25. Bb1 Nf5 26. d5 Rc5 27. c4 Qf7 28. Qh3 Kh8 29. Rde1 Nd4 30. Rg6 f5 31. Reg1 Ne2 32. Rxh6+ gxh6 33. Qxh6+ 1-0

[Event "Budapest-chT1 Lilienthal 1314"]
[Site "Budapest"]
[Date "2014.03.09"]
[Round "9"]
[White "Vecsernyes, Norbert"]
[Black "Vass, Lajos"]
[Result "0-1"]
[WhiteElo "1928"]
[BlackElo "2138"]
[PlyCount "38"]
[EventDate "2013.09.29"]
[EventType "team-tourn"]
[EventRounds "11"]
[EventCountry "HUN"]
[SourceTitle "EXT 2021"]
[Source "ChessBase"]
[SourceDate "2020.10.23"]
[SourceVersion "1"]
[SourceVersionDate "2020.10.23"]
[SourceQuality "1"]
[WhiteTeam "Csepel"]
[BlackTeam "Budapest EAC III"]
[WhiteTeamCountry "HUN"]
[BlackTeamCountry "HUN"]

1. d4 Nf6 2. c4 e5 3. dxe5 Ng4 4. Bf4 d6 5. exd6 Qf6 6. e3 Bxd6 7. Qd2 Bxf4 8. exf4 0-0 9. Nc3 Re8+ 10. Be2 Qb6 11. 0-0-0 Nxf2 12. Qd8 Qe3+ 13. Qd2 Qxd2+ 14. Rxd2 Nxh1 15. Nd5 Na6 16. Ne7+ Kf8 17. Nxc8 Raxc8 18. Nh3 Rcd8 19. g4 Nc5 0-1

[Event "HUN-chT2 Erkel 1314"]
[Site "Hungary"]
[Date "2014.02.02"]
[Round "6.7"]
[White "Koszegi, Lajos"]
[Black "Vass, Lajos"]
[Result "0-1"]
[WhiteElo "2081"]
[BlackElo "2138"]
[PlyCount "86"]
[EventDate "2013.09.08"]
[EventType "team-tourn"]
[EventRounds "11"]
[EventCountry "HUN"]
[SourceTitle "EXT 2016"]
[Source "ChessBase"]
[SourceDate "2015.10.08"]
[SourceVersion "1"]
[SourceVersionDate "2015.10.08"]
[SourceQuality "1"]
[WhiteTeam "Szada GSBE"]
[BlackTeam "Budapest EAC II"]
[WhiteTeamCountry "HUN"]
[BlackTeamCountry "HUN"]

1. e4 e5 2. Nf3 Nc6 3. Nc3 Bb4 4. Nd5 Ba5 5. c3 Nf6 6. b4 Bb6 7. a4 a6 8. d3 h6 9. Qb3 0-0 10. Nxb6 cxb6 11. c4 d6 12. h3 Be6 13. Be2 b5 14. 0-0 bxc4 15. dxc4 b5 16. Rd1 Qb8 17. axb5 axb5 18. Rxa8 Qxa8 19. Rxd6 Rb8 20. Rxe6 fxe6 21. cxb5 Nd8 22. Be3 Qxe4 23. Nd2 Qb7 24. Qb2 Nf7 25. Nb3 Nd5 26. Na5 Qc7 27. Nc6 Re8 28. Bc5 Nf4 29. Bf3 Nd5 30. Qa3 Nd6 31. Qa6 e4 32. Bh5 Rf8 33. Nd4 e3 34. Nxe6 exf2+ 35. Kf1 Qxc5 36. bxc5 Ne3+ 37. Ke2 f1Q+ 38. Kxe3 Qc1+ 39. Kd3 Qc4+ 40. Kd2 Qd5+ 41. Kc3 Qc4+ 42. Kd2 Qb4+ 43. Ke2 Qe4+ 0-1

[Event "Budapest-chT1 Lilienthal 1314"]
[Site "Budapest"]
[Date "2014.01.19"]
[Round "6"]
[White "Bodrogi, Laszlo"]
[Black "Vass, Lajos"]
[Result "0-1"]
[WhiteElo "2022"]
[BlackElo "2138"]
[PlyCount "34"]
[EventDate "2013.09.29"]
[EventType "team-tourn"]
[EventRounds "11"]
[EventCountry "HUN"]
[SourceTitle "EXT 2021"]
[Source "ChessBase"]
[SourceDate "2020.10.23"]
[SourceVersion "1"]
[SourceVersionDate "2020.10.23"]
[SourceQuality "1"]
[WhiteTeam "Fabulon"]
[BlackTeam "Budapest EAC III"]
[WhiteTeamCountry "HUN"]
[BlackTeamCountry "HUN"]

1. d4 Nf6 2. c4 e5 3. dxe5 Ng4 4. Bf4 f6 5. Nf3 Nc6 6. Nc3 fxe5 7. Bg3 d6 8. e3 Nf6 9. Be2 Bf5 10. 0-0 Be7 11. a3 a5 12. Qb3 Qd7 13. Nh4 Be6 14. Bf3 Nd8 15. Bd5 0-0 16. Nf5 Nxd5 17. Nxg7 Nxc3 0-1

[Event "HUN-chT2 Erkel 1213"]
[Site "Hungary"]
[Date "2012.12.02"]
[Round "5.11"]
[White "Botos, Jozsef"]
[Black "Vass, Lajos"]
[Result "0-1"]
[WhiteElo "1949"]
[BlackElo "2112"]
[PlyCount "96"]
[EventDate "2012.09.16"]
[EventType "team-tourn"]
[EventRounds "11"]
[EventCountry "HUN"]
[SourceTitle "EXT 2014"]
[Source "ChessBase"]
[SourceDate "2013.11.20"]
[SourceVersion "1"]
[SourceVersionDate "2013.11.20"]
[SourceQuality "1"]
[WhiteTeam "Dunaharaszti"]
[BlackTeam "BEAC II"]
[WhiteTeamCountry "HUN"]
[BlackTeamCountry "HUN"]

1. d4 Nf6 2. Nf3 g6 3. Bg5 Ne4 4. Bh4 c5 5. e3 d5 6. c3 Qb6 7. Qc1 Bf5 8. Be2 Nd7 9. 0-0 Bg7 10. Nbd2 Ndf6 11. Nxe4 Nxe4 12. Nd2 cxd4 13. exd4 Bh6 14. Nc4 Bxc1 15. Nxb6 axb6 16. Rfxc1 g5 17. Bg3 Nxg3 18. hxg3 Kd7 19. Re1 Kd6 20. g4 Bd7 21. Kh2 h5 22. gxh5 g4 23. Kg3 Rxh5 24. Kf4 Rh6 25. Bd3 Rh2 26. Kg3 Rh6 27. Kf4 Rh2 28. Kg3 Rah8 29. a4 f6 30. a5 bxa5 31. Rxa5 Rh1 32. Raa1 Rxe1 33. Rxe1 e5 34. dxe5+ fxe5 35. Be2 Rf8 36. Rh1 Rf6 37. Bxg4 Bxg4 38. Kxg4 Rxf2 39. Rh6+ Kc5 40. b4+ Kc4 41. Kg3 Rf7 42. Rd6 e4 43. b5 e3 44. Re6 Kd3 45. Re5 e2 46. Rxd5+ Ke4 47. Rd8 e1Q+ 48. Kg4 Rg7+ 0-1

[Event "HUN-chT2 Erkel 1213"]
[Site "Hungary"]
[Date "2012.11.18"]
[Round "4.11"]
[White "Vass, Lajos"]
[Black "Karpati, Kende Vajk"]
[Result "1/2-1/2"]
[WhiteElo "2112"]
[BlackElo "1765"]
[PlyCount "73"]
[EventDate "2012.09.16"]
[EventType "team-tourn"]
[EventRounds "11"]
[EventCountry "HUN"]
[SourceTitle "EXT 2014"]
[Source "ChessBase"]
[SourceDate "2013.11.20"]
[SourceVersion "1"]
[SourceVersionDate "2013.11.20"]
[SourceQuality "1"]
[WhiteTeam "BEAC II"]
[BlackTeam "Foti"]
[WhiteTeamCountry "HUN"]
[BlackTeamCountry "HUN"]

1. e4 c5 2. c3 Nc6 3. d4 cxd4 4. cxd4 d6 5. f4 e5 6. Nf3 Bg4 7. d5 Nd4 8. Be3 Bxf3 9. gxf3 Qh4+ 10. Bf2 Qxf4 11. Bxd4 exd4 12. Qa4+ Ke7 13. Nd2 Qe3+ 14. Kd1 Nf6 15. Qb3 Nd7 16. Bb5 Ne5 17. Qxe3 dxe3 18. Nf1 Nxf3 19. Rc1 Kd8 20. Nxe3 Ne5 21. Ke2 g6 22. Rc2 Rc8 23. Rxc8+ Kxc8 24. Rc1+ Kb8 25. Nc4 Nxc4 26. Rxc4 a6 27. Bd7 Bg7 28. Rc2 Rd8 29. Bh3 Re8 30. Kf3 h6 31. b4 Be5 32. b5 axb5 33. Bd7 Rd8 34. Bxb5 Rc8 35. Rxc8+ Kxc8 36. h3 Kd8 37. a4 1/2-1/2

[Event "Budapest-chT1 Lilienthal 1213"]
[Site "Budapest"]
[Date "2012.11.11"]
[Round "3"]
[White "Makai, Matyas"]
[Black "Vass, Lajos"]
[Result "0-1"]
[WhiteElo "2079"]
[BlackElo "2112"]
[PlyCount "80"]
[EventDate "2012.09.30"]
[EventType "team-tourn"]
[EventRounds "11"]
[EventCountry "HUN"]
[SourceTitle "EXT 2019"]
[Source "ChessBase"]
[SourceDate "2018.10.10"]
[SourceVersion "1"]
[SourceVersionDate "2018.10.10"]
[SourceQuality "1"]
[WhiteTeam "Budapest RAC"]
[BlackTeam "Budapest EAC"]
[WhiteTeamCountry "HUN"]
[BlackTeamCountry "HUN"]

1. e4 e5 2. f4 exf4 3. Nf3 d5 4. exd5 Nf6 5. c4 c6 6. d4 cxd5 7. Bxf4 Bb4+ 8. Nc3 0-0 9. Be2 Ne4 10. Rc1 Be6 11. c5 b6 12. cxb6 axb6 13. Qb3 Qe7 14. 0-0 Bxc3 15. bxc3 Ra3 16. Qxb6 Nd7 17. Qc6 Rxa2 18. Bd3 Rfa8 19. Bxe4 R2a6 20. Qb7 R6a7 21. Qb1 dxe4 22. Qxe4 Nf6 23. Qd3 h6 24. c4 Ra3 25. Qe2 Qb4 26. Ne5 Ra2 27. Rc2 Qb3 28. Rfc1 Bf5 29. Rxa2 Rxa2 30. Qf1 Be4 31. Nf3 Qb2 32. Rd1 Qc3 33. d5 g5 34. Bd2 Qb2 35. d6 g4 36. Nh4 Qd4+ 37. Kh1 Rxd2 38. Rxd2 Qxd2 39. c5 Qg5 40. Nf5 Qxf5 0-1

[Event "Budapest-chT1 Lilienthal 1213"]
[Site "Budapest"]
[Date "2012.10.14"]
[Round "2"]
[White "Demjen, Attila"]
[Black "Vass, Lajos"]
[Result "0-1"]
[WhiteElo "2053"]
[BlackElo "2112"]
[PlyCount "42"]
[EventDate "2012.09.30"]
[EventType "team-tourn"]
[EventRounds "11"]
[EventCountry "HUN"]
[SourceTitle "EXT 2019"]
[Source "ChessBase"]
[SourceDate "2018.10.10"]
[SourceVersion "1"]
[SourceVersionDate "2018.10.10"]
[SourceQuality "1"]
[WhiteTeam "Budapest Honved"]
[BlackTeam "Budapest EAC"]
[WhiteTeamCountry "HUN"]
[BlackTeamCountry "HUN"]

1. e4 e5 2. Nf3 Nc6 3. Bb5 a6 4. Ba4 Nf6 5. 0-0 Nxe4 6. Bxc6 dxc6 7. Nxe5 Be7 8. d3 Nf6 9. Nc3 Be6 10. Ne4 Qd5 11. Nxf6+ gxf6 12. Ng4 0-0-0 13. f3 h5 14. Ne3 Qd4 15. Rf2 Rhg8 16. Kf1 c5 17. Bd2 c4 18. Nxc4 Bxc4 19. dxc4 Bc5 20. Qe2 Rge8 21. Bc3 Qh4 0-1

[Event "Budapest-chT1 Lilienthal 1112"]
[Site "Budapest"]
[Date "2011.10.16"]
[Round "2"]
[White "Vass, Lajos"]
[Black "Smaraglay, Botond"]
[Result "1-0"]
[WhiteElo "2124"]
[BlackElo "2061"]
[PlyCount "73"]
[EventDate "2011.10.02"]
[EventType "team-tourn"]
[EventRounds "11"]
[EventCountry "HUN"]
[SourceTitle "EXT 2020"]
[Source "ChessBase"]
[SourceDate "2019.10.17"]
[SourceVersion "1"]
[SourceVersionDate "2019.10.17"]
[SourceQuality "1"]
[WhiteTeam "Budapest EAC III"]
[BlackTeam "Budapest HUSI II"]
[WhiteTeamCountry "HUN"]
[BlackTeamCountry "HUN"]

1. e4 c5 2. c3 Nc6 3. d4 e6 4. d5 Nce7 5. Nf3 exd5 6. exd5 d6 7. Bd3 g6 8. 0-0 Bg7 9. Re1 Nf6 10. c4 0-0 11. Nc3 a6 12. a4 b6 13. Bg5 h6 14. Bf4 g5 15. Bd2 Bf5 16. Qc2 Bxd3 17. Qxd3 Ng6 18. h3 Qd7 19. a5 bxa5 20. Na4 Qc7 21. Qf5 Nd7 22. h4 gxh4 23. Qh3 Qd8 24. Bxa5 Qxa5 25. Qxd7 Qd8 26. Qg4 Rb8 27. Re2 Qa5 28. Ree1 Rb4 29. Nc3 Qb6 30. Nxh4 Ne5 31. Rxe5 Rxc4 32. Qxc4 Bxe5 33. Qg4+ Kh8 34. Qe2 Qb4 35. Ra4 Qb3 36. Qd2 Kh7 37. Nf5 1-0

[Event "Budapest-chT1 Lilienthal 1112"]
[Site "Budapest"]
[Date "2011.10.02"]
[Round "1"]
[White "Sumegi, Miklos Andras"]
[Black "Vass, Lajos"]
[Result "1/2-1/2"]
[WhiteElo "2046"]
[BlackElo "2124"]
[PlyCount "88"]
[EventDate "2011.10.02"]
[EventType "team-tourn"]
[EventRounds "11"]
[EventCountry "HUN"]
[SourceTitle "EXT 2020"]
[Source "ChessBase"]
[SourceDate "2019.10.17"]
[SourceVersion "1"]
[SourceVersionDate "2019.10.17"]
[SourceQuality "1"]
[WhiteTeam "Vizugy II"]
[BlackTeam "Budapest EAC III"]
[WhiteTeamCountry "HUN"]
[BlackTeamCountry "HUN"]

1. d4 Nf6 2. Bf4 g6 3. Nd2 Bg7 4. c3 c5 5. dxc5 Na6 6. Nb3 b6 7. c6 dxc6 8. Qxd8+ Kxd8 9. 0-0-0+ Ke8 10. f3 Nd5 11. Bd2 e5 12. e4 Ndc7 13. h4 h5 14. Be2 Bf6 15. g3 Ne6 16. Be3 Be7 17. Nh3 Nac5 18. Nxc5 Nxc5 19. Nf2 Be6 20. Kb1 f6 21. Rd2 Rd8 22. Nd3 Nxd3 23. Bxd3 g5 24. b3 Kf7 25. Kc2 Kg6 26. Rg2 Bc8 27. Be2 c5 28. Bc4 g4 29. f4 Bb7 30. f5+ Kg7 31. Bd5 Bxd5 32. exd5 Rxd5 33. Rhh2 Rhd8 34. Rd2 Kf7 35. Rxd5 Rxd5 36. Rd2 Rd6 37. Rd3 Ke8 38. Bf2 Kd7 39. c4 Kc6 40. a4 Bf8 41. Rxd6+ Bxd6 42. Kd3 Be7 43. Ke4 a6 44. Be3 Bd6 1/2-1/2

[Event "HUN-chT2 Erkel 1011"]
[Site "Hungary"]
[Date "2011.03.27"]
[Round "7.8"]
[White "Mayer, Istvan"]
[Black "Vass, Lajos"]
[Result "1/2-1/2"]
[WhiteElo "2079"]
[BlackElo "2096"]
[PlyCount "108"]
[EventDate "2010.09.12"]
[EventType "team-tourn"]
[EventRounds "11"]
[EventCountry "HUN"]
[SourceTitle "EXT 2012"]
[Source "ChessBase"]
[SourceDate "2011.11.24"]
[SourceVersion "1"]
[SourceVersionDate "2011.11.24"]
[SourceQuality "1"]
[WhiteTeam "Pestszentlorinc"]
[BlackTeam "Barcza"]
[WhiteTeamCountry "HUN"]
[BlackTeamCountry "HUN"]

1. e4 e5 2. Bc4 Nf6 3. Qe2 Nc6 4. c3 d6 5. h3 Be6 6. Nf3 Bxc4 7. Qxc4 Qd7 8. 0-0 Be7 9. d4 exd4 10. cxd4 d5 11. exd5 Qxd5 12. Qxd5 Nxd5 13. Nc3 0-0-0 14. Be3 Rhe8 15. Rac1 Bb4 16. Nxd5 Rxd5 17. Rc4 Ba5 18. Rfc1 Bb6 19. a4 a5 20. Kf1 f6 21. b3 Rd7 22. g4 Nb4 23. Ne1 Nd5 24. Nc2 c6 25. Kg2 g6 26. Kf3 f5 27. g5 Re4 28. Bd2 Rde7 29. Ne3 Nxe3 30. fxe3 Kd7 31. b4 f4 32. exf4 Bxd4 33. Re1 Rxe1 34. Rxd4+ Kc7 35. Bxe1 Rxe1 36. bxa5 Rh1 37. Kg2 Rb1 38. f5 gxf5 39. Rh4 Rb2+ 40. Kf3 Rb3+ 41. Ke2 Rb2+ 42. Kd3 Rb3+ 43. Kc4 Rg3 44. Rxh7+ Kb8 45. a6 b5+ 46. axb5 cxb5+ 47. Kxb5 Rxg5 48. h4 Rg1 49. Kb6 Rg6+ 50. Kc5 Rxa6 51. Kd5 Kc8 52. Ke5 Kd8 53. h5 Ke8 54. Rg7 Kf8 1/2-1/2